000
00239nam a2200097Ia 4500
005
20251222114414.0
008
251222s1900||||xx |||||||||||||| ||spa||
082
_a
DVD0124/H22/1990
245
0
_a
Toto: Past to Present 1977 - 1990:
942
_c
DVD
999
_c
2174
_d
2174